| 000 | 00672nam a2200253Ia 4500 | ||
|---|---|---|---|
| 005 | 20250425162602.0 | ||
| 008 | 250425s9999 xx 000 0 und d | ||
| 041 | _aspa | ||
| 043 | _asp | ||
| 082 | _a621.3815 | ||
| 100 | _aVEATCH, HENRY C. | ||
| 245 | 0 | _aFUNDAMENTOS Y APLICACIONES DE LOS CIRCUITOS DE TRANSISTOR | |
| 250 | _a1A ED. | ||
| 260 | _aBARCELONA | ||
| 260 |
_aEspaña _bMARCOMBO _c1971 |
||
| 300 | _a364 | ||
| 500 | _aTítulo Traducido: TRANSISTOR CIRCUIT ACTION | ||
| 650 | _aCIRCUITOS DE TRANSISTORES | ||
| 650 | _aINGENIERIA ELECTRICA | ||
| 650 | _aSEMICONDUCTORES | ||
| 700 |
_aLUIS IBAÑEZ _etraductor |
||
| 942 | _c01 | ||
| 010 | _a87249 | ||
| 999 |
_c232238 _d232238 |
||